LEADER 04106oam 2200673I 450 001 9910487546703321 005 20241204164924.0 010 $a9781351666886 010 $a1351666886 010 $a9781351666879 010 $a1351666878 010 $a9781315161976 010 $a1315161974 024 7 $a10.4324/9781315161976 035 $a(CKB)4100000000774043 035 $a(MiAaPQ)EBC5015638 035 $a(OCoLC)993979372 035 $a(oapen)https://directory.doabooks.org/handle/20.500.12854/70954 035 $a(ScCtBLL)13fd6562-7740-4d55-8e36-5e312ac30b00 035 $a(oapen)doab70954 035 $a(EXLCZ)994100000000774043 100 $a20180706d2018 uy 0 101 0 $aeng 135 $aurcnu|||||||| 181 $2rdacontent 182 $2rdamedia 183 $2rdacarrier 200 04$aThe Indonesian economy $etrade and industrial policies /$fedited by Lili Yan Ing, Gordon Hanson and Sri Mulyani Indrawati 205 $a1st ed. 210 $cTaylor & Francis$d2018 210 1$aAbingdon, Oxon ;$aNew York, NY :$cRoutledge,$d2018. 215 $a1 online resource (315 pages) $cillustrations 225 1 $aRoutledge-ERIA Studies in Development Economics 311 08$a9780367352622 311 08$a0367352621 311 08$a9781138061934 311 08$a113806193X 320 $aIncludes bibliographical references at the end of each chapters and index. 327 $tchapter 1 Introduction /$rLILI YAN ING --$tchapter 2 Export specialisation in East and Southeast Asia: lessons from China?s ?exceptional? development /$rGORDON H. HANSON --$tchapter 3 Indonesia?s trade policies in the new world trade /$rLILI YAN ING --$tchapter 4 Indonesian industrialisation and industrial policy: catching up, slowing down, muddling through /$rHARYO ASWICAHYONO --$tchapter 5 Why is Indonesia left behind in regional production networks? /$rBEN SHEPHERD --$tchapter 6 Development of exports in Indonesian manufacturing: a look at micro data /$rARI KUNCORO --$tchapter 7 Indonesia?s manufacturing export competitiveness: a unit labour cost analysis RULLY PRASSETYA --$tchapter 8 Labour market and firm competitiveness in Indonesia: issues and challenges /$rMUHAMAD PURNAGUNAWAN --$tchapter 9 Assessing the impact of local content requirements on Indonesia?s manufacturing /$rSIWAGE DHARMA NEGARA --$tchapter 10 Foreign direct investment and value added in Indonesia /$rFREDRIK SJOHOLM --$tchapter 11 Innovation in manufacturing and service sector: determinants and challenges /$rGUNTHER SCHULZE. 330 $aAgainst the backdrop of growing anti-globalisation sentiments and increasing fragmentation of the production process across countries, this book addresses how the Indonesian economy should respond and how Indonesia should shape its trade and industrial policies in this new world trade environment. The book introduces evaluation not on tariffs but on new trade instruments such as non-tariff measures (SPS, TBT, export measures and beyond border measures), and looks at industrial policies from a broader perspective such as investment, accessing inputs, labour, services, research and innovation policies. ?The Open Access version of this book, available at http://www.taylorfrancis.com/books/10.4324/9781315161976, has been made available under a Creative Commons Attribution-Non Commercial-No Derivatives 4.0 license.? 410 0$aRoutledge-ERIA studies in development economics. 606 $aEconomic development$zIndonesia 606 $aIndustrial policy$zIndonesia 607 $aIndonesia$xCommerce 607 $aIndonesia$xCommercial policy 607 $aIndonesia$xEconomic policy 615 0$aEconomic development 615 0$aIndustrial policy 676 $a330.9598 700 $aIng$b Lili Yan$4edt$0926913 702 $aHanson$b Gordon H$g(Gordon Howard), 702 $aIndrawati$b Sri Mulyani$f1962- 702 $aIng$b Lili Yan 801 0$bFlBoTFG 801 1$bFlBoTFG 906 $aBOOK 912 $a9910487546703321 996 $aThe Indonesian economy$94321149 997 $aUNINA